Leibniz philosophical writings (Record no. 569616)

MARC details
000 -LEADER
fixed length control field 00722nam a2200229Ia 4500
003 - CONTROL NUMBER IDENTIFIER
control field OSt
005 - DATE AND TIME OF LATEST TRANSACTION
control field 20251129145739.0
008 - FIXED-LENGTH DATA ELEMENTS--GENERAL INFORMATION
fixed length control field 220923b |||||||| |||| 00| 0 eng d
020 ## - INTERNATIONAL STANDARD BOOK NUMBER
International Standard Book Number 0460119052
037 ## - SOURCE OF ACQUISITION
Terms of availability Reference Collection
040 ## - CATALOGING SOURCE
Original cataloging agency RTL
Transcribing agency RTL
Language of cataloging eng
041 ## - LANGUAGE CODE
Source of code eng
Language code of text/sound track or separate title eng
084 ## - COLON CLASSIFICATION NUMBER
Classification number Rx, L3/SC
Assigning agency RTL
245 #0 - TITLE STATEMENT
Title Leibniz philosophical writings
260 ## - PUBLICATION, DISTRIBUTION, ETC.
Place of publication, distribution, etc. London
Name of publisher, distributor, etc. J M & Sons
Date of publication, distribution, etc. 1973
300 ## - PHYSICAL DESCRIPTION
Extent xxvi,270p.
Dimensions cm.
500 ## - GENERAL NOTE
General note Bibliography : P.xxi-xxiv
700 ## - ADDED ENTRY--PERSONAL NAME
Personal name Parkinson, G H R
Relator term Translator
9 (RLIN) 853638
700 ## - ADDED ENTRY--PERSONAL NAME
Personal name Parkinson, G H R
9 (RLIN) 283484
Relator term Editor
942 ## - ADDED ENTRY ELEMENTS (KOHA)
Classification part Rx, L3/SC
Koha item type Reference
Source of classification or shelving scheme Colon Classification (CC)
Suppress in OPAC No
Holdings
Withdrawn status Lost status Source of classification or shelving scheme Damaged status Not for loan Home library Current library Date acquired Total Checkouts Full call number Barcode Date last seen Price effective from Koha item type
    Colon Classification (CC)     Ratan Tata Library Ratan Tata Library 2022-09-25   Rx L3/SC RT1414539G 2022-09-25 2022-09-25 Reference
Copyright @ Delhi University Library System